History Quiz

Random History or Nintendo Quiz

Retired South Pacific Tropical Cyclones Quiz Stats

 Plays Quiz not verified by Sporcle

Score 0/87 Timer 15:00
0 Plays Today
Season Name % Correct
1997-98Martin
75%
1989-90Ofa
62.5%
1991-92Val
62.5%
1997-98Ron
62.5%
1997-98Susan
62.5%
2002-03Zoe
62.5%
2003-04Heta
62.5%
1986-87Raja
50%
1993-94Rewa
50%
1996-97Keli
50%
2001-02Trina
50%
2007-08Funa
50%
1973-74Lottie
37.5%
1977-78Bob
37.5%
1978-79Meli
37.5%
1980-81Cliff
37.5%
1984-85Eric
37.5%
1987-88Anne
37.5%
1987-88Bola
37.5%
1990-91Sina
37.5%
1991-92Fran
37.5%
1992-93Joni
37.5%
1992-93Kina
37.5%
1996-97Hina
37.5%
1997-98Tui
37.5%
1997-98Ursula
37.5%
1997-98Veli
37.5%
1998-99Dani
37.5%
2001-02Waka
37.5%
Season Name % Correct
2003-04Ivy
37.5%
2004-05Meena
37.5%
2004-05Nancy
37.5%
2004-05Olaf
37.5%
2004-05Percy
37.5%
2006-07Cliff
37.5%
2007-08Daman
37.5%
2007-08Gene
37.5%
1970-71Rosie
25%
1972-73Bebe
25%
1974-75Alison
25%
1976-77Marion
25%
1977-78Charles
25%
1977-78Diana
25%
1977-78Elsa
25%
1978-79Gordon
25%
1982-83Lisa
25%
1982-83Oscar
25%
1982-83Veena
25%
1985-86Namu
25%
1986-87Sally
25%
1986-87Tusi
25%
1986-87Uma
25%
1988-89Harry
25%
1989-90Peni
25%
1991-92Wasa
25%
1992-93Prema
25%
1996-97Drena
25%
1996-97Gavin
25%
Season Name % Correct
1997-98Osea
25%
1998-99Frank
25%
1999-00Kim
25%
2000-01Paula
25%
2000-01Sose
25%
2002-03Ami
25%
2003-03Beni
25%
2003-03Cilla
25%
1971-72Wendy
12.5%
1971-72Carlotta
12.5%
1973-74Tina
12.5%
1976-77Robert
12.5%
1978-79Fay
12.5%
1979-80Wally
12.5%
1981-82Gyan
12.5%
1981-82Isaac
12.5%
1981-82Joti
12.5%
1982-83Mark
12.5%
1985-86Ima
12.5%
1988-89Lili
12.5%
1991-92Tia
12.5%
1991-92Betsy
12.5%
1991-92Esau
12.5%
1994-95William
12.5%
1995-96Beti
12.5%
1998-99Cora
12.5%
1971-72Vivienne
0%
1971-72Agatha
0%
1980-81Tahmar
0%

You're not logged in!

Compare scores with friends on all Sporcle quizzes.
OR
Log In

Show Comments

Extras

Top Quizzes Today


Score Distribution

Your Account Isn't Verified!

In order to create a playlist on Sporcle, you need to verify the email address you used during registration. Go to your Sporcle Settings to finish the process.

Report this User

Report this user for behavior that violates our Community Guidelines.

Details: